000 00574nam a2200181Ia 4500
008 151202s9999||||xx |||||||||||||| ||und||
082 _bPNVM-23833
100 _aकानेटकर शंकर.
245 _aस्वप्नभूमी.
260 _b"व्हीनस प्रकाशन,पुणे."
260 _c1965
300 _a375
600 _aकानेटकर शंकर.
630 _aस्वप्नभूमी.
700 _aकानेटकर शंकर.
730 _aस्वप्नभूमी.
942 _cBOOK
999 _c1289808
_d1289805